000 00918nam a2200277 a 4500
001 C01506694c-X
003 CO-ViMGA
005 20230915234405.0
008 160208s2015 sp a gr 1001p spa d
020 _a9789588787787
040 _aCO-ViMGA
_bspa
_cCO-ViMGA
043 _as-ag---
090 _aP FOR2
100 1 _aForchetti, Laura.
_97862
245 1 0 _aDonde nace la noche /
_cLaura Forchetti ; ilustraciones de María Elina Méndez.
260 _aBogotá :
_bMonserrate,
300 _a45 páginas :
_bilustraciones ;
_c24 cm.
490 _aPlan Nacional de Lectura y Escritura Leer es mi Cuento / Ministerio de Cultura
500 _aDe 6 A 8 Años
650 1 4 _aNiños
_v Poesías.
_97864
650 1 4 _aNoche
_v Poesías.
_94069
650 1 4 _aOscuridad
_v Poesías.
_97865
650 1 4 _aPoesía infantil argentina.
_97863
700 1 _aElina Méndez, María,
_eilustradora.
_97866
942 _2ddc
_cBK
999 _c7756
_d7756